00501nam a2200205Ia 4500003000400000005001700004008004100021040000700062041001200069082001800081100001700099245003200116260003500148300002900183365001300212650001400225650001800239700001900257700001900276OSt20251104180948.0210423s2006 xx 000 0 und d cAL aEnglish a362.28 bRUDT aDavid Rudd M aTreating suicidal behaviour aNew YorkbGuilford Pressc2006 axiv, 274p.bPBc18x15cm. b295cINR aSociology aWomen Studies aJoiner, Thomas aRajab, Hasan M